[Event "AZE-ch Men 2019"]
[Site "Baku"]
[Date "2019.01.16"]
[Round "1"]
[White "Allahverdiyeva, Ayan"]
[Black "Guliev, Sarhan"]
[Result "1/2-1/2"]
[WhiteElo "1975"]
[BlackElo "2342"]
[Annotator "NA"]
[PlyCount "74"]
[EventDate "2019.01.16"]
[EventType "swiss"]
[EventCountry "AZE"]
[SourceTitle "playchess.com"]
[Source "ChessBase"]
[SourceQuality "1"]
[TimeControl "40/5400+30:1800+30"]

1. e4 e5 {[%emt 0:08:24]} 2. Nf3 {[%emt 0:00:00]} Nc6 {[%emt 0:00:12]} 3. Bb5 {[%emt 0:00:00]} a6 {[%emt 0:00:10]} 4. Ba4 {[%emt 0:00:00]} Nf6 {[%emt 0:00:10]} 5. O-O {[%emt 0:00:03]} Be7 {[%emt 0:05:49]} 6. d3 {[%emt 0:00:56]} d6 {[%emt 0:00:27]} 7. Nc3 {[%emt 0:08:57]} O-O {[%emt 0:00:17]} 8. a3 {[%emt 0:01:39]} Bg4 {[%emt 0:16:02]} 9. h3 {[%emt 0:06:21]} Bxf3 {[%emt 0:04:59]} 10. Qxf3 {[%emt 0:00:04]} Nd4 {[%emt 0:00:09]} 11. Qd1 {[%emt 0:00:18]} b5 {[%emt 0:00:40]} 12. Bb3 {[%emt 0:00:12]} Nxb3 {[%emt 0:00:24]} 13. cxb3 {[%emt 0:00:04]} Nd7 {[%emt 0:05:21]} 14. b4 {[%emt 0:07:27]} Bg5 {[%emt 0:03:51]} 15. d4 {[%emt 0:01:20]} exd4 {[%emt 0:03:30]} 16. Bxg5 {[%emt 0:06:40]} Qxg5 {[%emt 0:00:03]} 17. Qxd4 {[%emt 0:00:08]} Nb6 {[%emt 0:02:34]} 18. Rac1 {[%emt 0:10:38]} Rfe8 {[%emt 0:07:13]} 19. Ne2 {[%emt 0:08:03]} Nc4 {[%emt 0:04:57]} 20. b3 {[%emt 0:01:18]} c5 {[%emt 0:00:29]} 21. Qd1 {[%emt 0:02:41]} Nxa3 {[%emt 0:01:21]} 22. Qxd6 {[%emt 0:02:45]} c4 {[%emt 0:02:48]} 23. Nd4 {[%emt 0:26:22]} cxb3 {[%emt 0:07:18]} 24. Nxb3 {[%emt 0:02:03]} Nc4 {[%emt 0:00:31]} 25. Qd5 {[%emt 0:01:05]} Qf4 {[%emt 0:01:22]} 26. Ra1 {[%emt 0:04:24]} Rad8 {[%emt 0:05:01]} 27. Qf5 {[%emt 0:01:29]} Qh6 {[%emt 0:03:42]} 28. Rfd1 {[%emt 0:02:45]} Qb6 {[%emt 0:09:13]} 29. Nc5 {[%emt 0:02:39]} a5 {[%emt 0:03:34]} 30. Nd7 {[%emt 0:01:18]} Qc7 {[%emt 0:00:02]} 31. Qxb5 {[%emt 0:00:45]} axb4 {[%emt 0:01:40]} 32. Qxb4 {[%emt 0:01:21]} Ne3 {[%emt 0:01:08]} 33. Qd6 {[%emt 0:01:21]} Qxd6 {[%emt 0:02:21]} 34. Rxd6 {[%emt 0:00:04]} Nc4 {[%emt 0:00:04]} 35. Rd4 Nb6 36. Rad1 Nc4 37. Rd5 Ra8 1/2-1/2

[Event "AZE-ch Men 2019"]
[Site "Baku"]
[Date "2019.01.17"]
[Round "2"]
[White "Asadli, Vugar"]
[Black "Babazada, Khazar"]
[Result "1/2-1/2"]
[WhiteElo "2471"]
[BlackElo "2299"]
[Annotator "TA"]
[PlyCount "59"]
[EventDate "2019.01.16"]
[EventType "swiss"]
[EventCountry "AZE"]
[SourceTitle "playchess.com"]
[Source "ChessBase"]
[SourceQuality "1"]

{[%evp 16,59,24,26,24,17,27,26,33,36,48,38,63,72,85,0,6,0,0,-4,10,2,21,8,77,90,96,74,84,78,65,-12,-8,-89,-83,-89,-91,-89,-75,-83,0,0,-9,-8,-2,-103]} 1. e4 c5 2. Nc3 d6 3. d4 cxd4 4. Qxd4 Nc6 5. Qd2 Nf6 (5... g6 6. b3 Bh6 7. f4 f5 8. Bb2 Nf6 9. Bd3 Qa5 10. exf5 Bxf5 11. Nge2 Bxd3 12. Qxd3 {1-0 (42) Nakamura,H (2769)-Grischuk,A (2766) Leuven 2018}) 6. b3 {B23: Closed Sicilian: Lines without g3} g6 7. Bb2 Bg7 8. O-O-O O-O 9. f3 {LiveBook: 3 Games} Qa5 10. h4 Be6 11. Kb1 Rac8 $146 12. Nge2 Rfd8 13. Nd5 Nxd5 14. Qxa5 Nxa5 15. Bxg7 (15. exd5 $16 Bf5 16. Rd2) 15... Ne3 $11 {[%mdl 64] [#] Double Attack, Zwischenzug} 16. Rd3 $1 Kxg7 17. Rxe3 Nc6 18. Nf4 a6 19. g3 {[%cal Bg2g3,Bg3g4][%mdl 32]} d5 (19... Bd7 $11) 20. exd5 $16 Bxd5 21. Bh3 f5 22. g4 Kf6 23. Rhe1 (23. gxf5 $14 gxf5 24. Rhe1) 23... e5 $11 24. Nd3 {[#]} (24. Nxd5+ $11 Rxd5 25. f4) 24... Nd4 $1 $17 {[%cal Rd4c2]} 25. Nb4 Bxf3 26. gxf5 gxf5 {aiming for ...a5.} 27. Rxe5 Be4 (27... Rc7 $17 {Black wants to play ...Be4.} 28. c4 Rg7 29. Nd5+ Bxd5 30. Rxd5 Rxd5 31. cxd5 h5) 28. R5xe4 $11 {The position is equal.} fxe4 29. Bxc8 Nf3 {[%mdl 64] Double Attack} 30. Re3 {Accuracy: White = 43%, Black = 53%.} (30. Rxe4 $11 {keeps the balance.} Nd2+ {[%mdl 64] Double Attack} 31. Kb2 Nxe4 32. Bxb7 {[%mdl 64] Double Attack}) 1/2-1/2

[Event "AZE-ch Men 2019"]
[Site "Baku"]
[Date "2019.01.17"]
[Round "2"]
[White "Bajarani, Ulvi"]
[Black "Jafarli, Babak"]
[Result "1-0"]
[WhiteElo "2421"]
[BlackElo "2128"]
[Annotator "TA"]
[PlyCount "62"]
[EventDate "2019.01.16"]
[EventType "swiss"]
[EventCountry "AZE"]
[SourceTitle "playchess.com"]
[Source "ChessBase"]
[SourceQuality "1"]

{[%evp 9,62,16,15,5,10,13,12,18,23,24,24,23,49,51,50,37,30,36,44,11,34,0,0,0,14,-6,32,22,22,20,22,22,24,35,44,48,54,62,62,62,80,23,43,41,137,75,67,71,133,125,511,483,29994,-232,2222]} 1. Nf3 Nf6 2. g3 g6 3. b3 Bg7 4. Bb2 a5 (4... d6 5. d4 b5 6. Bg2 Bb7 7. O-O O-O 8. Na3 Qd7 9. c4 bxc4 10. Nxc4 a5 11. Rc1 Qb5 12. a4 Qa6 13. Bc3 {1-0 (29) Dubov,D (2703)-Demchenko,A (2679) Sochi 2018}) 5. Bg2 a4 {LiveBook: 3 Games} 6. O-O {A05: Réti Opening: 1 Nf3 Nf6} axb3 $146 ({Predecessor:} 6... O-O 7. c4 c6 8. d4 d5 9. Nbd2 a3 10. Bc3 Ne4 11. Nxe4 dxe4 12. Ne1 c5 13. e3 Nc6 14. Nc2 f5 15. Qd2 Qd6 16. Rad1 Rd8 17. Qc1 {1-0 (47) Wigger,J (2312)-Reipsch,J (2231) Germany 2014}) 7. axb3 Rxa1 8. Bxa1 {The position is equal.} O-O 9. c4 c5 10. Nc3 Nc6 11. d4 b6 12. e3 d6 13. Bb2 Bb7 14. Na4 Na5 15. Bc3 Ne4 16. Be1 Qc7 17. Qd3 e5 18. d5 f5 19. Qc2 Ba6 20. Nc3 Nxc3 $1 21. Bxc3 Bf6 22. Nd2 Bc8 23. Qb2 Bg7 24. Ra1 g5 25. f4 (25. b4 $16 cxb4 26. Qxb4 (26. Bxb4 e4 $14)) 25... gxf4 26. gxf4 Re8 {[#]} ({Better is} 26... exf4 $14 27. exf4 Bxc3 28. Qxc3 Re8) 27. fxe5 (27. Kh1 $142 $1) 27... Bxe5 $16 28. Bxe5 Rxe5 (28... dxe5 $142 29. Kh1 Qd6) 29. Kh1 {aiming for Bh3.} Rxe3 $2 {[%mdl 8192] [#]} (29... Re7 $16 {is a better chance.}) 30. Be4 $1 $18 {[%mdl 512] Threatening mate with Rg1+.} Re2 (30... Rg3 $18 31. hxg3 fxe4 32. Nxe4 Qg7 33. Qxg7+ Kxg7 34. Nxd6 Bg4) (30... Rxe4 31. Nxe4) 31. Bg2 $4 {[%mdl 8192]} (31. Rg1+ {mates} Rg2 32. Rxg2+ Kf7 33. Rg7+ {[%mdl 64] Double Attack, Skewer} Kf8 34. Qf6+ {[%mdl 64] Double Attack} Ke8 35. Rg8+ Kd7 36. Bxf5#) 31... Re4 $4 {[%mdl 8192] Accuracy: White = 54%, Black = 26%.} (31... Qg7 $19 32. Qxg7+ Kxg7) 1-0

[Event "AZE-ch Men 2019"]
[Site "Baku"]
[Date "2019.01.17"]
[Round "2"]
[White "Abdulov, Orkhan"]
[Black "Ahadzade, Kanan"]
[Result "0-1"]
[WhiteElo "2395"]
[BlackElo "2019"]
[Annotator "TA"]
[PlyCount "56"]
[EventDate "2019.01.16"]
[EventType "swiss"]
[EventCountry "AZE"]
[SourceTitle "playchess.com"]
[Source "ChessBase"]
[SourceQuality "1"]

{[%evp 14,56,18,20,111,109,105,111,120,127,114,110,122,115,128,124,114,120,179,178,191,184,161,76,66,79,90,-142,-150,-132,-150,-672,-638,-649,-639,-709,-622,-700,-686,-830,-816,-1259,-1230,-29983,-29984]} 1. e4 e5 2. Nf3 Nc6 3. d4 exd4 4. Nxd4 Qf6 5. Be3 Bc5 6. c3 Nge7 7. Bc4 O-O 8. O-O {LiveBook: 334 Games} Bxd4 {C45: Scotch Game} (8... d6 $11 {remains equal.}) (8... b6 9. Nc2 Ne5 10. Be2 Bb7 11. f4 N5g6 12. e5 Qe6 13. b4 Bxe3+ 14. Nxe3 Nh4 15. Bg4 f5 16. Be2 Kh8 {0-1 (34) Kasparov,G (2812)-Caruana,F (2795) Saint Louis 2016}) 9. cxd4 $16 ({But not} 9. Bxd4 Qg6 $11) 9... d5 10. exd5 Na5 {White is better.} 11. Bd3 $1 {Strongly threatening b4.} b6 12. Nc3 Bf5 13. Ba6 $146 ({Predecessor:} 13. b4 Bxd3 14. Qxd3 Nb7 15. Qd2 Qf5 16. Rac1 {½-½ (35) Dormann,L (2203)-Steinert,R (1850) Troisdorf 2001}) 13... Bc8 14. Be2 Nb7 15. Qd2 Nf5 (15... h6 $16) 16. Nb5 $18 Nbd6 17. Nxc7 Rb8 {[%cal Ba8b8,Bb8b6,Bb6a6][%mdl 32]} 18. Na6 (18. Rac1 $18 {has better winning chances.}) 18... Bxa6 $16 19. Bxa6 b5 {aiming for ...Rb6.} 20. b3 $2 {[#]} (20. Rac1 $16 {stays on course.}) 20... Rb6 $1 $17 {[%mdl 1024] Black has strong compensation.} 21. Qa5 {[#]} Nh4 $1 {[%cal Bf5h4,Bh4f3,Bf3d2][%mdl 32] Threatens to win with ...Qg6.} 22. Rfd1 $2 (22. Kh1 $17) 22... Qg6 $19 {[%csl Gh4][%cal Rg6g2]} 23. g3 Ndf5 24. Bf4 Rxa6 25. Qxb5 {and the idea Qe2 leaves White hopeful.} Nf3+ 26. Kf1 N5xd4 27. Qc4 Qe4 28. Qd3 {[#]} Nd2+ $1 {[%mdl 512] Accuracy: White = 39%, Black = 76%.} 0-1

[Event "AZE-ch Men 2019"]
[Site "Baku"]
[Date "2019.01.17"]
[Round "2"]
[White "Davidov, Samir"]
[Black "Allahverdiyeva, Ayan"]
[Result "1-0"]
[WhiteElo "2344"]
[BlackElo "1975"]
[Annotator "TA"]
[PlyCount "47"]
[EventDate "2019.01.16"]
[EventType "swiss"]
[EventCountry "AZE"]
[SourceTitle "playchess.com"]
[Source "ChessBase"]
[SourceQuality "1"]

{[%evp 12,47,17,8,49,8,11,11,11,4,0,11,17,-3,94,93,500,497,622,615,639,642,670,668,948,968,972,943,1447,1234,1250,1127,2267,2269,29983,3319,3179,3143]} 1. e4 c5 2. Nc3 Nc6 3. g3 g6 4. d3 Bg7 5. Bg2 d6 6. Be3 e5 7. f4 {LiveBook: 36 Games} Nd4 {B26: Closed Sicilian: 3 g3, lines with early Be3} (7... Nge7 8. Nf3 O-O 9. O-O exf4 10. Bxf4 d5 11. exd5 Nxd5 12. Nxd5 Qxd5 13. c3 Bg4 14. h3 Bxf3 15. Qxf3 Qxf3 16. Bxf3 Rad8 17. Be3 Rxd3 18. Bxc5 {½-½ (41) Narciso Dublan,M (2544)-Iturrizaga Bonelli,E (2603) Barcelona 2011}) 8. Nd5 Ne7 9. Nxe7 Qxe7 {The position is equal.} 10. c3 exf4 11. Bxf4 $146 ({Predecessor:} 11. gxf4 Nf5 12. Bf2 O-O 13. Nf3 Nh6 14. O-O Bg4 15. h3 {½-½ (30) Lang,H (2066)-Mashayekh,M (2006) Birmingham 2000}) 11... Ne6 12. Be3 d5 (12... O-O $11) 13. exd5 $16 Nf4 $2 {[%mdl 8192]} (13... Nd4 $16 {is tougher.} 14. Kf2 Nf5) 14. Qa4+ $18 {[%mdl 64] [#] Double Attack} ({Not} 14. gxf4 Qxe3+ 15. Qe2 Qxe2+ 16. Nxe2 O-O $14) 14... Kd8 15. Qxf4 Re8 16. Kd2 Be5 17. Qf2 b6 18. Nf3 Bf6 19. Rhe1 Ba6 20. Bf4 Qd7 21. Ne5 Qf5 22. g4 {[%cal Bg3g4,Bg4g5][%mdl 32]} Qc8 23. Nc6+ (23. Nxf7+ $142 Kd7 24. g5 Re4 25. Rxe4 Bxc3+ 26. bxc3 Qc6 27. Bh3+ Qe6 28. Rxe6 Re8 {[#]} 29. Re7+ $1 {[%mdl 576] Decoy} Kxe7 30. Bd6#) 23... Kd7 24. g5 1-0

[Event "AZE-ch Men 2019"]
[Site "Baku"]
[Date "2019.01.17"]
[Round "2"]
[White "Zeynalov, Farid"]
[Black "Gadimbayli, Abdulla"]
[Result "1-0"]
[WhiteElo "2344"]
[BlackElo "2409"]
[Annotator "NA"]
[PlyCount "123"]
[EventDate "2019.01.16"]
[EventType "swiss"]
[EventCountry "AZE"]
[SourceTitle "playchess.com"]
[Source "ChessBase"]
[SourceQuality "1"]
[TimeControl "40/5400+30:1800+30"]

1. d4 {[%emt 0:00:00]} e6 {[%emt 0:00:00]} 2. c4 {[%emt 0:00:00]} b6 {[%emt 0:00:10]} 3. e4 {[%emt 0:00:29]} Bb7 {[%emt 0:00:05]} 4. Bd3 {[%emt 0:00:05]} Bb4+ {[%emt 0:00:05]} 5. Kf1 {[%emt 0:00:03] A40: Unusual replies to 1 d4} (5. Bd2 Bxd2+ 6. Qxd2 f5 7. Nc3 Nf6 8. f3 Nc6 9. Nge2 fxe4 10. fxe4 e5 11. d5 Ne7 12. O-O O-O 13. Ng3 {0-1 (31) Riazantsev,A (2650)-Alekseev,E (2616) Riadh 2017}) 5... Be7 {[%emt 0:00:06]} 6. Nc3 {[%emt 0:00:07]} d6 {[%emt 0:00:46]} 7. Nf3 {[%emt 0:00:24]} Nd7 {[%emt 0:00:06]} 8. g3 {[%emt 0:00:28]} Bf6 {[%emt 0:14:11]} 9. Kg2 {[%emt 0:00:32]} Ne7 {[%emt 0:03:16] LiveBook: 8 Games} 10. h4 {[%emt 0:01:03]} a6 {[%emt 0:14:39]} 11. a3 $146 {[%emt 0:02:45]} ({Predecessor:} 11. Bg5 c5 12. d5 h6 {1-0 (46) Gunina,V (2528)-Efroimski,M (2313) Batumi 2018}) 11... c5 {[%emt 0:01:29]} 12. d5 $1 {[%emt 0:04:03]} Ne5 {[%emt 0:09:49]} 13. Be2 {[%emt 0:06:57]} Nxf3 {[%emt 0:05:10]} 14. Bxf3 {[%emt 0:00:13]} Bd4 {[%emt 0:00:16]} 15. Ne2 {[%emt 0:09:45]} e5 {[%emt 0:01:11]} 16. g4 {[%emt 0:03:25]} b5 {[%emt 0:18:17]} 17. h5 {[%emt 0:08:13]} h6 {[%emt 0:04:17]} 18. Nxd4 {[%emt 0:11:52]} cxd4 {[%emt 0:08:10]} 19. b3 {[%emt 0:00:28]} f6 {[%emt 0:05:05]} 20. Be2 {[%emt 0:06:33]} Qd7 {[%emt 0:05:11]} 21. Bd2 {[%emt 0:09:12]} O-O {[%emt 0:00:25]} 22. Ba5 {[%emt 0:00:41]} Rab8 {[%emt 0:03:11]} 23. Rc1 {[%emt 0:01:29]} Rfc8 {[%emt 0:03:30]} 24. f3 {[%emt 0:05:35]} bxc4 {[%emt 0:01:55]} 25. Bxc4 {[%emt 0:03:51]} Ra8 {[%emt 0:00:18]} 26. a4 {[%emt 0:00:28]} Rf8 {[%emt 0:00:38]} 27. Qe2 {[%emt 0:03:17]} Kh8 {[%emt 0:00:27]} 28. Rc2 {[%emt 0:03:42]} f5 {[%emt 0:00:41]} 29. gxf5 {[%emt 0:00:13]} Nxf5 {[%emt 0:00:26]} 30. exf5 {[%emt 0:00:03]} Rxf5 {[%emt 0:00:03]} 31. Rh3 {[%emt 0:01:40]} Raf8 {[%emt 0:00:41]} 32. Rg3 {[%emt 0:04:52]} Rxh5 {[%emt 0:00:43]} 33. Bd2 $2 {[%emt 0:07:40]} (33. Qe4 $18 {and the rest is easy.}) 33... Qe7 {[%emt 0:00:32] [#]} (33... Rh4 $16) 34. Qe4 $1 {[%emt 0:02:42]} Rh4 {[%emt 0:00:38]} 35. Rg4 {[%emt 0:00:48]} Rxg4+ {[%emt 0:00:20]} 36. fxg4 ({Weaker is} 36. Qxg4 Bc8 $14) 36... Qd7 37. Kg3 {[%emt 0:01:42]} Qf7 {[%emt 0:01:10]} 38. Be1 {[%emt 0:00:58]} Qf4+ {[%emt 0:00:23]} 39. Qxf4 {[%emt 0:00:04]} Rxf4 {[%emt 0:00:18]} 40. Bd3 {[%emt 0:00:00]} g5 {[%emt 0:00:00]} 41. Bd2 {[%emt 0:03:33]} Bxd5 {[%emt 0:02:13]} 42. Bxf4 {[%emt 0:02:17]} gxf4+ {[%emt 0:01:34]} 43. Kf2 {[%emt 0:00:26]} Bxb3 {[%emt 0:07:41]} 44. Rc6 {[%emt 0:08:47]} d5 {[%emt 0:00:32]} 45. Rxh6+ {[%emt 0:00:21]} Kg7 {[%emt 0:02:05]} 46. Re6 {[%emt 0:00:26]} e4 {[%emt 0:00:27]} 47. Bxe4 {[%emt 0:00:03]} dxe4 {[%emt 0:00:42]} 48. Rxe4 {[%emt 0:00:02]} Bxa4 $18 {[%emt 0:09:27]} 49. Rxd4 {[%emt 0:00:08]} Bb3 {[%emt 0:00:06]} 50. Rd3 {[%emt 0:02:59]} Bc2 {[%emt 0:01:49]} 51. Ra3 {[%emt 0:00:52]} Be4 {[%emt 0:04:13]} 52. Ra4 {[%emt 0:00:24]} Bd3 {[%emt 0:01:25]} 53. Kf3 {[%emt 0:01:36]} Bb5 {[%emt 0:00:02]} 54. Ra5 {[%emt 0:01:02]} Kf6 {[%emt 0:00:05]} 55. Kxf4 {[%emt 0:00:03]} Ke6 {[%emt 0:00:26]} 56. Kg5 {[%emt 0:01:09]} Be2 {[%emt 0:00:27]} 57. Ra2 {[%emt 0:00:18]} Bc4 {[%emt 0:00:02]} 58. Rc2 {[%emt 0:01:08]} Bd5 {[%emt 0:01:05]} 59. Rc5 {[%emt 0:01:10]} Bf3 {[%emt 0:00:02]} 60. Kf4 {[%emt 0:00:40]} Bb7 {[%emt 0:00:02]} 61. g5 {[%emt 0:00:18]} Bg2 {[%emt 0:00:19]} 62. g6 {[%emt 0:00:57] Kd5 Ke4+} 1-0

[Event "AZE-ch Men 2019"]
[Site "Baku"]
[Date "2019.01.17"]
[Round "2"]
[White "Guliev, Sarhan"]
[Black "Muradli, Mahammad"]
[Result "1/2-1/2"]
[WhiteElo "2342"]
[BlackElo "2432"]
[Annotator "TA"]
[PlyCount "109"]
[EventDate "2019.01.16"]
[EventType "swiss"]
[EventCountry "AZE"]
[SourceTitle "playchess.com"]
[Source "ChessBase"]
[SourceQuality "1"]

{[%evp 18,109,0,-12,1,-7,-4,-25,-25,-31,-33,-26,-34,-83,-85,-87,-59,-55,-49,-45,-37,-55,-59,-52,-53,-68,-73,-67,-64,-68,-54,-64,-71,-111,-12,-85,-89,-95,-76,-74,-83,-88,-70,-78,-73,-81,-43,-69,-78,-84,-73,-71,-66,-174,-174,-174,-174,-178,-178,-188,-145,-153,-149,-149,-149,-174,-174,-149,-149,-149,0,-149,-101,-103,0,0,0,0,0,0,0,0,0,0,0,0,0,0,0,0,0,0,0,0]} 1. d4 g6 2. Nf3 Bg7 3. e3 Nf6 4. Be2 O-O 5. O-O c5 6. b3 cxd4 7. exd4 d5 8. Bb2 Nc6 9. Nbd2 Ne4 10. c4 {LiveBook: 3 Games} Bf5 {[%cal Bc8f5,Bf5e4,Be4d5][%mdl 32] D04: Colle System} 11. cxd5 Qxd5 12. Bc4 (12. Re1 $5 {[%cal Re2c4]} Nxd2 13. Qxd2 $11) 12... Qa5 {Black has an edge.} 13. Nxe4 Bxe4 14. Ne5 $146 ({Predecessor:} 14. Re1 Bxf3 15. Qxf3 Nxd4 16. Bxd4 Bxd4 {0-1 (31) Olesiak,M (1969)-Golubka,P (2383) Krakow 2015}) 14... Rad8 15. Qg4 Bd5 16. Rfe1 e6 17. Bf1 Nxe5 (17... Qd2 {is interesting.} 18. Re2 Qb4 19. Nd3 Qb6 20. Ne5 Ne7) 18. dxe5 Bc6 19. Re3 Rd7 20. Bc3 Qb6 21. h4 h5 $1 {[%cal Rh5g4]} 22. Qf4 Rfd8 23. Be2 Bb5 24. Qb4 Rd5 25. Bf3 Rd3 (25... Bh6 $17 26. Ree1 Rd3) 26. Rae1 (26. Rxd3 $11 Rxd3 27. Be4) 26... Bf8 $17 27. Qa5 Qxa5 28. Bxa5 b6 29. Bc3 Rxe3 30. fxe3 Rc8 $36 {[%mdl 2048] Black is in control.} 31. Bd4 Bb4 32. Rd1 Rc2 33. a4 Be2 34. Bxe2 Rxe2 {[%mdl 4096] Endgame KRB-KRB} 35. Rc1 {[#]} ({White should play} 35. g3 $15) 35... Re1+ $1 $19 36. Rxe1 Bxe1 {KB-KB} 37. Kf1 Bxh4 38. b4 Be7 39. b5 Bb4 40. Kf2 Kg7 41. Kf3 Kh6 42. e4 Bd2 43. Ke2 Bb4 44. Kf3 Be7 45. a5 {[#]} bxa5 (45... Bd8 $1 $17 46. a6 g5) 46. Bxa7 $11 {The position is equal.} a4 47. Be3+ g5 {Hoping for ...a3.} 48. b6 Bd8 $1 {Threatens to win with ...a3.} 49. Bc5 {b7 is the strong threat.} Bxb6 50. Bxb6 {KB-KP} a3 51. Bd4 a2 52. Ke3 Kg6 53. Kd3 g4 54. Ke3 Kg5 55. Ba1 {Accuracy: White = 38%, Black = 67%.} 1/2-1/2

[Event "AZE-ch Men 2019"]
[Site "Baku"]
[Date "2019.01.17"]
[Round "2"]
[White "Guliev, Logman"]
[Black "Bashirli, Nail"]
[Result "1/2-1/2"]
[WhiteElo "2322"]
[BlackElo "2324"]
[Annotator "NA"]
[PlyCount "167"]
[EventDate "2019.01.16"]
[EventType "swiss"]
[EventCountry "AZE"]
[SourceTitle "playchess.com"]
[Source "ChessBase"]
[SourceQuality "1"]
[TimeControl "40/5400+30:1800+30"]

1. e4 {[%emt 0:00:00]} g6 {[%emt 0:04:48]} 2. d4 {[%emt 0:02:51]} Bg7 {[%emt 0:01:15]} 3. Nc3 {[%emt 0:00:13]} d6 {[%emt 0:00:06]} 4. Nf3 {[%emt 0:01:33]} Nf6 {[%emt 0:00:11]} 5. Be2 {[%emt 0:00:06]} O-O {[%emt 0:00:05]} 6. O-O {[%emt 0:00:04]} Nbd7 {[%emt 0:00:18]} 7. h3 {[%emt 0:01:15]} c6 {[%emt 0:02:44]} 8. e5 {[%emt 0:04:40]} Ne8 {[%emt 0:01:31]} 9. Bf4 {[%emt 0:01:18]} dxe5 {[%emt 0:08:17]} 10. dxe5 {[%emt 0:01:10] LiveBook: 31 Games} Qa5 {[%emt 0:01:42] B08: Pirc Defence: Classical System} (10... Nc7 11. Qc1 Ne6 12. Bh6 Qc7 13. Bxg7 Kxg7 14. Qe3 Qb6 15. Qxb6 Nxb6 16. Rfd1 a5 17. Rd2 Rd8 18. Rxd8 Nxd8 19. Rd1 Ne6 20. Bf1 Nc5 21. Rd4 Ne6 22. Rd2 Nc5 23. Rd4 Ne6 24. Rd2 Nc5 {½-½ (24) Bindrich,F (2609)-Jovanovic,Z (2550) Austria 2015}) 11. Bg5 {[%emt 0:03:26]} Nc7 {[%emt 0:06:06]} 12. Bxe7 {[%emt 0:02:07]} Re8 {[%emt 0:03:34] [#]} 13. Bd6 $1 {[%emt 0:02:26]} Nxe5 {[%emt 0:00:37]} 14. Nxe5 {[%emt 0:02:29]} Bxe5 {[%emt 0:00:39] [#]} 15. b4 $1 {[%emt 0:00:12]} Qa3 {[%emt 0:01:12]} 16. Bxe5 {[%emt 0:07:05]} Rxe5 {[%emt 0:00:05]} 17. Qd4 {[%emt 0:01:34]} Re8 $146 {[%emt 0:03:37]} ({Predecessor:} 17... Re7 $16 18. Ne4 {½-½ (30) Horvath,G (2280)-Dudas,J (2410) Balatonbereny 1997}) 18. Ne4 {[%emt 0:01:56]} Nd5 {[%emt 0:13:20] [#]} 19. Bc4 $1 {[%emt 0:09:31]} Rxe4 {[%emt 0:04:16]} 20. Qxe4 {[%emt 0:00:05]} Bf5 {[%emt 0:00:03]} 21. Qe5 {[%emt 0:02:13]} Nxb4 {[%emt 0:12:14]} 22. Rab1 {[%emt 0:06:53]} b5 {[%emt 0:08:09]} 23. Rb3 {[%emt 0:11:20]} Qa4 {[%emt 0:03:35]} 24. Qe7 {[%emt 0:05:20]} bxc4 {[%emt 0:04:28]} 25. Rxb4 {[%emt 0:02:53]} Qxc2 {[%emt 0:00:15]} 26. Rb7 {[%emt 0:06:03]} Rf8 {[%emt 0:00:46]} 27. Rxa7 {[%emt 0:00:17]} c3 {[%emt 0:02:55]} 28. Ra3 {[%emt 0:13:40]} Bd3 {[%emt 0:03:33]} 29. Re1 {[%emt 0:00:27]} Qd2 {[%emt 0:00:40]} 30. Qe3 {[%emt 0:03:19]} Rd8 {[%emt 0:01:04]} 31. Qe7 {[%emt 0:01:18]} Rf8 {[%emt 0:00:52]} 32. Qe3 {[%emt 0:03:59]} Rd8 {[%emt 0:00:12]} 33. Rc1 {[%emt 0:02:32]} Qxe3 {[%emt 0:01:30]} 34. fxe3 {[%emt 0:00:02]} c2 {[%emt 0:00:35]} 35. Kf2 {[%emt 0:00:13]} c5 {[%emt 0:00:53]} 36. Ke1 {[%emt 0:01:34]} c4 {[%emt 0:01:12]} 37. Kd2 {[%emt 0:01:14]} Be4+ {[%emt 0:03:19]} 38. Kc3 {[%emt 0:00:02]} Kg7 {[%emt 0:02:00]} 39. Kb2 {[%emt 0:01:05]} Rb8+ {[%emt 0:02:22]} 40. Kc3 {[%emt 0:00:00]} Rb1 {[%emt 0:00:00]} 41. Kd2 {[%emt 0:03:50]} Rb2 {[%emt 0:03:24]} 42. Kc3 {[%emt 0:08:51]} Rb1 {[%emt 0:00:41]} 43. Kd2 {[%emt 0:01:29]} Kf6 {[%emt 0:01:02]} 44. Rc3 {[%emt 0:00:27]} Rb4 {[%emt 0:01:55]} 45. a3 {[%emt 0:00:32]} Ra4 {[%emt 0:00:26]} 46. g3 {[%emt 0:02:37]} Ke5 $15 {[%emt 0:05:19]} 47. Rf1 {[%emt 0:00:42]} f6 {[%emt 0:09:48]} 48. h4 {[%emt 0:00:52]} f5 {[%emt 0:01:14]} 49. Rg1 {[%emt 0:07:24]} h5 {[%emt 0:01:17]} 50. Rf1 {[%emt 0:00:25]} Kd5 {[%emt 0:00:03]} 51. Rf4 {[%emt 0:04:27]} Ra6 {[%emt 0:01:06]} 52. Rf1 {[%emt 0:01:55]} Kc5 {[%emt 0:00:55]} 53. Rc1 {[%emt 0:01:29]} Rd6+ {[%emt 0:01:47]} 54. Ke2 {[%emt 0:00:02]} Kb5 {[%emt 0:00:32]} 55. Ke1 {[%emt 0:00:11]} Bd3 {[%emt 0:02:11]} 56. Kf2 {[%emt 0:00:09]} Be4 {[%emt 0:01:24]} 57. Ke2 {[%emt 0:00:07]} Kc5 {[%emt 0:00:05]} 58. Ke1 {[%emt 0:00:07]} Rb6 {[%emt 0:00:26]} 59. Ke2 {[%emt 0:00:35]} Rb1 {[%emt 0:00:55]} 60. Kd2 {[%emt 0:00:05]} Bd3 {[%emt 0:01:02]} 61. Re1 {[%emt 0:01:17]} Kb5 {[%emt 0:02:46]} 62. Rc1 {[%emt 0:00:04]} Kc5 {[%emt 0:01:41]} 63. Re1 {[%emt 0:00:02]} Kd5 {[%emt 0:00:15]} 64. Rc1 {[%emt 0:00:04]} Rb6 {[%emt 0:02:30]} 65. Rxd3+ {[%emt 0:03:47]} cxd3 {[%emt 0:00:09]} 66. Kxd3 {[%emt 0:00:02]} Rb3+ {[%emt 0:00:28]} 67. Ke2 {[%emt 0:00:11]} Ke4 {[%emt 0:01:12]} 68. Rxc2 {[%emt 0:00:02]} Rxe3+ {[%emt 0:00:04]} 69. Kf2 {[%emt 0:00:04]} Rxa3 {[%emt 0:00:01]} 70. Re2+ {[%emt 0:01:11]} Kd5 {[%emt 0:00:17]} 71. Re8 {[%emt 0:00:10]} Ra6 {[%emt 0:01:29]} 72. Kf3 {[%emt 0:00:05]} Ra3+ {[%emt 0:00:28]} 73. Kf4 {[%emt 0:00:15]} Ra4+ {[%emt 0:00:03]} 74. Kf3 {[%emt 0:00:05]} Rg4 {[%emt 0:00:48]} 75. Re7 {[%emt 0:01:45]} Kd6 {[%emt 0:00:09]} 76. Ra7 {[%emt 0:00:05]} Ke5 {[%emt 0:00:09]} 77. Ra5+ {[%emt 0:00:05]} Kf6 {[%emt 0:00:04]} 78. Ra6+ {[%emt 0:00:03]} Kg7 {[%emt 0:00:03]} 79. Ra7+ {[%emt 0:00:09]} Kf6 {[%emt 0:00:37]} 80. Ra6+ {[%emt 0:00:04]} Ke5 {[%emt 0:00:19]} 81. Ra5+ {[%emt 0:00:12]} Kd4 {[%emt 0:00:26]} 82. Ra4+ {[%emt 0:00:08]} Kd3 {[%emt 0:00:04]} 83. Ra6 {[%emt 0:00:27]} Kd2 {[%emt 0:00:08]} 84. Rb6 {[%emt 0:00:14]} 1/2-1/2